000 01832aam a2200313 i 4500
001 768714001
003 CO-MdFUSB
005 20220802153300.0
007 ta
008 220802t1988 -us |||| |||| 00| 0 eng d
020 _a0884192601
040 _bspa.
_aCO-MdFUSB
_cCO-MdFUSB
_dCO-MdFUSBC
_erda
041 _aeng
082 0 4 _a261.8
_223
_b C7334p
100 1 _aComiskey, Andrew
_eautor
245 1 0 _aPursuing sexual wholeness
_b: how Jesus heals the homosexual: Guide
_c/ Andrew Comiskey
264 1 _aSanta Mónica, CA., USA :
_bDesert Stream,
_c[1988]
264 4 _c© 1988
300 _a219 páginas
_c; 28 cm
336 _atexto
_btxt
_2rdacontent
337 _2rdamedia
_asin mediación
_bn
338 _2rdacarrier
_avolumen
_bnc
505 _aSección 1: Amor revelado: Introducción a Aguas Vivas. -- Reconocer nuestra necesidad. -- La búsqueda del Padre por nosotros. -- Jesús, el Hijo. -- El Realineamiento y Empoderamiento de la Voluntad. -- Sección II: Entendiendo la Homosexualidad. -- Dándole la bienvenida a nuestro quebrantamiento. -- Factores desencadenantes de la confusión de género. -- Rechazo y Narcisismo. -- Envidia e idolatría. -- Sección III: Reconciliación. -- Recibiendo Su Perdón y Aceptación. -- Perdonar a los demás... -- Afirmar la nueva identidad. -- La Sanación de la Identidad de Género. -- Sección IV: Aprendiendo a Caminar. -- Aceptar el proceso... -- Tentación: ¿Atada o Determinada? -- Libertad de la adicción sexual... -- Sección V: Aprendiendo a Amar. -- Devoción a Cristo ya su Comunidad. -- Amistades saludables entre personas del mismo sexo. -- Heterosexualidad sana. -- Hacia la madurez cristiana
563 _aRústico
650 7 _2embne
_96984
_aHomosexualidad
_xAspectos religiosos
942 _cBK
945 _aJTF-925
999 _c37165
_d37165